LEADER 01425nam 2200253la 450 001 9910481338403321 005 20221102155355.0 035 $a(UK-CbPIL)2090353950 035 $a(CKB)5500000000084961 035 $a(EXLCZ)995500000000084961 100 $a20221102d1607 uy | 101 0 $alat 135 $aurcn||||a|bb| 200 10$aContinuatio ephemeridum coelestium motuum Io. Antonij Magini Patauini ... Ab anno Domini 1620. vsque ad annum 1630. iuxta Copernici obseruationes accuratissime? supputatarum ... Quibus addita sunt eiusdem supplementum isagogicarum ephemeridum, ... Astrologicae circa agriculturam, & nauigatoriam obseruationes, & praecepta. De mutatione ae?ris libellus 210 $aVenice $c[s.n.]$d1607 215 $aOnline resource ([6], 152 [i.e. 150], 28 c., 4º) 300 $aReproduction of original in Biblioteca Nazionale Centrale di Firenze. 700 $aMagini$b Giovanni Antonio$f1555-1617.$055127 801 0$bUk-CbPIL 801 1$bUk-CbPIL 906 $aBOOK 912 $a9910481338403321 996 $aContinuatio ephemeridum coelestium motuum Io. Antonij Magini Patauini ... Ab anno Domini 1620. vsque ad annum 1630. iuxta Copernici obseruationes accuratissimè supputatarum ... Quibus addita sunt eiusdem supplementum isagogicarum ephemeridum, ... Astrologicae circa agriculturam, & nauigatoriam obseruationes, & praecepta. De mutatione aëris libellus$92007611 997 $aUNINA